00507 2200205 4500001002100000005001700021008004100038035002400079082001000103090002200113100001800135245002600153250001000179260003100189300002400220650000900244850001200253990001900265990001700284YOGYA-0611000000107320110627114153.0 ind  0010-061100000001073 a745.4 a745.4bHas TlSEL aHASYIM, Henny aTie dyecHenny Hasyim aCet.1 aSurabayabTiara Aksac2010 a56 hlmbilusc20 cm aDiet aYOPDYOG a785- Sel/ B.11 a786-Sel/B.11